000 00831nam a2200217 a 4500
005 20230217122007.0
008 050923s2004 mx 000 0 spa d
020 _a9703211631
035 _aUPN01000140830
049 _aCG
050 4 _aHT395 M6
_bP5.2
245 0 0 _aPlaneación territorial, políticas públicas y desarrollo regional en México /
_ccoord. Javier Delgadillo Macías.
260 _aCuernavaca :
_bUNAM, Centro Regional de Investigaciones Multidisciplinarias,
_c2004.
300 _a194 p.
440 0 _aCuadernos del CRIM
650 4 _aPLANIFICACION REGIONAL -
_zMEXICO -
_vCONGRESOS
_93575
650 4 _aDesarrollo de la comunidad
_zMéxico
_vCongresos
_919760
650 4 _aGLOBALIZACION -
_xASPECTOS ECONOMICOS -
_zMEXICO -
_vCONGRESOS
_919761
700 1 _aDelgadillo Macías, Javier,
_ecoord.
905 _aLibro
999 _c112978
_d112978